| 000 | 00523nam a22001697a 4500 | ||
|---|---|---|---|
| 005 | 20231106134210.0 | ||
| 008 | 231106b |||||||| |||| 00| 0 eng d | ||
| 020 | _a9780702178658 | ||
| 041 | _aEnglish | ||
| 082 | _a346.5 GEA | ||
| 100 |
_aGeach, WD and J Yeats _lEnglish |
||
| 245 |
_aTrusts Law and Practice / _cWD Geach and J Yeats |
||
| 260 |
_aCape Town : _bJuta and Company Ltd, _c2007 |
||
| 300 |
_bxx, 321 pages ; _c25 cm. |
||
| 650 |
_aLegal practice _bLaw |
||
| 942 |
_cBK _6ALISON_BN_VRIES |
||
| 999 |
_c327 _d327 |
||